Convenzioni internazionali sul diritto d'autore e i diritti vicini (Le) (Record n. 68307)
[ formato base ]
| 000 -LEADER | |
|---|---|
| fixed length control field | 01175nam a2200301Ia 4500 |
| 001 - CONTROL NUMBER | |
| control field | 3482 |
| 003 - CONTROL NUMBER IDENTIFIER | |
| control field | IT-RoPAU |
| 008 - FIXED-LENGTH DATA ELEMENTS--GENERAL INFORMATION | |
| fixed length control field | 130308s9999 xx 000 0 und d |
| 040 ## - CATALOGING SOURCE | |
| Original cataloging agency | IT-RoPAU |
| 040 ## - CATALOGING SOURCE | |
| Transcribing agency | IT-RoPAU |
| 041 ## - LANGUAGE CODE | |
| Language code of text/sound track or separate title | ITALIANO |
| 999 ## - SYSTEM CONTROL NUMBERS (KOHA) | |
| Koha Dewey Subclass [OBSOLETE] | SI |
| 100 ## - MAIN ENTRY--PERSONAL NAME | |
| Personal name | Leonelli Leonello |
| 100 ## - MAIN ENTRY--PERSONAL NAME | |
| Miscellaneous information | Codice Aut. SPICS: 4696 |
| 245 ## - TITLE STATEMENT | |
| Title | Convenzioni internazionali sul diritto d'autore e i diritti vicini (Le) |
| 245 ## - TITLE STATEMENT | |
| Remainder of title | Convenzioni internazionali Sul Diritto d'autore e I Diritti vicini (Le) |
| 250 ## - EDITION STATEMENT | |
| Edition statement | 1a ed. |
| 260 ## - PUBLICATION, DISTRIBUTION, ETC. (IMPRINT) | |
| Place of publication, distribution, etc. | MILANO |
| 260 ## - PUBLICATION, DISTRIBUTION, ETC. (IMPRINT) | |
| Name of publisher, distributor, etc. | Carisch |
| 260 ## - PUBLICATION, DISTRIBUTION, ETC. (IMPRINT) | |
| Date of publication, distribution, etc. | 1982 [1° Ed.:1982 - Ed.Ling.Originale:1982] |
| 300 ## - PHYSICAL DESCRIPTION | |
| Extent | "360 p. (prefazione: no ; testo: 360)" |
| 500 ## - GENERAL NOTE | |
| General note | Aggiornamento al 1[ Gennaio 1982 Caratteri degli Atti internazionali contenuti in Questa raccolta Unione di Berna Convenzione Universale Convenzione di Roma 1961 convenzioni di Ginevra e di Bruxelles 1971 1974 Accordi Europei di Parigi e di Strasburgo 1958 1960 Amministrazione delle convenzioni Atti internazionali varie Ratifiche delle Convenzioni |
| 650 ## - SUBJECT ADDED ENTRY--TOPICAL TERM | |
| Topical term or geographic name as entry element | SAGGI DI DIRITTO |
| 650 ## - SUBJECT ADDED ENTRY--TOPICAL TERM | |
| Relator term | Codice materia Spics: 4602 |
| 942 ## - ADDED ENTRY ELEMENTS (KOHA) | |
| Koha item type | LIBRO |
| 957 ## - | |
| -- | 1 |
| 999 ## - SYSTEM CONTROL NUMBERS (KOHA) | |
| -- | 2 |
| Withdrawn status | Lost status | Damaged status | Not for loan | Home library | Current library | Date acquired | Total Checkouts | Full call number | Date last seen | Price effective from | Koha item type | Public note |
|---|---|---|---|---|---|---|---|---|---|---|---|---|
| Buone Condizioni | Not For Loan | SPICS-MEDIATECA | SPICS-MEDIATECA | 08/03/2013 | 3482 | 08/03/2013 | 08/03/2013 | LIBRO | Progressivo inserimento: 20628 / N. Volumi: 1 Copie: 2 Copia Rara: SI / data import: 1 marzo 2013 - By Epidotti, Trombetti, Vaglietti. |